| 000 | 00715cam a2200205 4500 | ||
|---|---|---|---|
| 001 | WB3707-01 | ||
| 008 | 000000n2001 000 0 eng u | ||
| 035 | _a(Sirsi) u110968 | ||
| 245 | _aAnti-trust ruling means UK suits | ||
| 260 | _c2001 | ||
| 490 |
_aAntiques Trade Gazette _v(1475) 10 February 2001, 1&3(1) |
||
| 520 | _aCases concerning commission fixing may be brought against Christie's and Sotheby's in the UK following the dismissal of three lawsuits in the USA which sought compensation for purchases in London since 1992. | ||
| 590 | _aWB | ||
| 650 | 0 | _aCOMMISSION FIXING | |
| 650 | _aAUCTIONEERS | ||
| 650 | _aCHRISTIES | ||
| 650 | _aSOTHERBYS | ||
| 690 |
_aAuctioneering _96218 |
||
| 942 | _n0 | ||
| 999 |
_c66138 _d66138 |
||